| 000 | 00794cam a2200265 4500 | ||
|---|---|---|---|
| 001 | 1731887 | ||
| 003 | BDDh-ASL | ||
| 005 | 20240526141528.0 | ||
| 008 | 710713s1970 pk b 000 0 eng | ||
| 010 | _a 73932199 | ||
| 040 |
_aDLC _cDLC _dDLC _dBDDh-ASL |
||
| 043 |
_aa-ii--- _aa-pk--- |
||
| 050 | 0 | 0 |
_aDS485.B45 _bF8 1970 |
| 082 |
_a954.297 _bFUO |
||
| 100 | 2 | _aFuzli Rubbee, Khondkar. | |
| 245 | 1 | 4 | _aThe origin of the Musalmans of Bengal / |
| 250 | _a[2d ed. | ||
| 260 |
_aDacca : _bSociety for Pakistan Studies, _bThacker Spink and Co., _c1970. _c1895. |
||
| 300 |
_a96 p. : _a253 p.: _c22 cm. |
||
| 350 | _aRs1.75 | ||
| 504 | _aIncludes bibliographical references. | ||
| 650 | 0 |
_aMuslims _zBengal. |
|
| 906 |
_a7 _bcbc _corignew _d4 _encip _f19 _gy-gencatlg |
||
| 942 |
_2ddc _cBK |
||
| 999 |
_c25013 _d25013 |
||